00458 a2200157 4500003000400000005001700004008004100021020001800062040000900080082002000089100001500109245009800124250001200222260005700234300000900291OSt20231123132147.0231123b |||||||| |||| 00| 0 eng d a9789388818513 coclc a547.1226bKAL/B aKalsi, P S aBioorganic, bioinorganic and supramolecular chemistry /cP S Kalsi, J P Kalsi, Ashu Chaudhary a4th ed. aNew Delhi:bNew age international publishers,c2022. a432p